ბათუმის შოთა რუსთაველის სახელმწიფო უნივერსიტეტის ბიბლიოთეკა

აღუვსებელი საწყაული ანუ ამაოება ამაოებათა : (ბიბ.ჩანაწერი № 60232)

000 -ლიდერი
ფიქსირებული სიგრძის საკონტროლო ველი 01332nam a22002417a 4500
003 - საკონტროლო ნომრის იდენტიფიკატორი
საკონტროლო ველი Ge_BSU
005 - ბოლო ოპერაციის თარიღი და დრო
საკონტროლო ველი 20230621100755.0
008 - ფიქსირებული სიგრძის მონაცემთა ელემენტები - ზოგადი ინფორმაცია
ფიქსირებული სიგრძის საკონტროლო ველი 230621s2015 ge ||||| |||| 00| 0 geo d
020 ## - წიგნის საერთაშორისო სტანდარტული ნომერი
International Standard Book Number 9789941445880
041 ## - ენის კოდი
Language code of text/sound track or separate title geo
080 ## - უნივერსალური ათობითი კლასიფიკაციის ინდექსი
Universal Decimal Classification number 94(479.22:470) მ-59
100 ## - მთავარი ჩანაწერი - პიროვნების სახელი
Personal name მეტრეველი, როინ
9 (RLIN) 18841
245 ## - ცნობა სათაურის შესახებ
Title აღუვსებელი საწყაული ანუ ამაოება ამაოებათა :
Remainder of title [ნარკვევი] /
Statement of responsibility, etc როინ მეტრეველი ; რედ. ბუბა კუდავა.
264 ## - წარმოების, გამოცემის, დისტრიბუციის და სხვა ცნობები
გამოცემის, წარმოების, დისტრიბუციის... ადგილი თბილისი :
გამოცემის, წარმოების, დისტრიბუციის... სახელწოდება არტანუჯი,
გამოცემის, წარმოების, დისტრიბუციის... თარიღი 2015.
300 ## - ფიზიკური აღწერა
Extent 40 გვ. ;
Other physical details 20 სმ.
653 ## - INDEX TERM--UNCONTROLLED
Uncontrolled term საქართველო–რუსეთის ურთიერთობების ისტორია
653 ## - INDEX TERM--UNCONTROLLED
Uncontrolled term რუსეთ–კავკასიის ურთიერთობების ისტორია.
653 ## - INDEX TERM--UNCONTROLLED
Uncontrolled term კავკასიის გეოპოლიტიკა.
653 ## - INDEX TERM--UNCONTROLLED
Uncontrolled term ეთნოკონფლიქტები საქართველოში.
653 ## - INDEX TERM--UNCONTROLLED
Uncontrolled term დემოგრაფიული ვითარება მსოფლიოში.
700 ## - ADDED ENTRY--PERSONAL NAME
Personal name კუდავა, ბუბა
Relator term რედაქტორი
9 (RLIN) 3540
942 ## - ADDED ENTRY ELEMENTS (KOHA)
Source of classification or shelving scheme
Koha item type წიგნი
ეგზემპლარები
ჩამოწერის სტატუსი დაკარგული ეგზემპლარის სტატუსი კლასიფიკაციის წყარო ან თაროზე გაწყობის სქემა დაზიანების სტატუსი არ გაიცემა მუდმივი მდებარეობა (დაცვის ადგილი) ამჟამინდელი ადგილსამყოფელი თაროზე განთავსების ადგილი შეძენის თარიღი ღირებულება, შესყიდვის ნორმალური ფასი სრული შენახვის შიფრი შტრიხკოდი ბოლო ოპერაციის თარიღი ეგზემპლარის მიმდევრობითი ნომერი (კეტერი?) Uniform Resource Identifier ფასის ძალაში შესვლის თარიღი ეგზემპლარის სახეობა საჯარო შენიშვნა
          ბათუმის შოთა რუსთაველის სახელმწიფო უნივერსიტეტის მთავარი ბიბლიოთეკა ბათუმის შოთა რუსთაველის სახელმწიფო უნივერსიტეტის მთავარი ბიბლიოთეკა წიგნსაცავი 2023-06-21 4.00 94(479.22:470) მ-59 64638 2023-06-21 64638 ბსუ-ს საპატიო დოქტორის გურამ ლორთქიფანიძის საჩუქარი 2023-06-21 წიგნი 4 ლ.